[Event "32. Balaton Festival 2014 - GM"]
[Site "Balatonboglár"]
[Date "2014.06.21"]
[Round "9.1"]
[White "Czebe, Attila"]
[Black "Baumegger, Siegfried"]
[Result "1-0"]
[WhiteElo "2411"]
[BlackElo "2479"]
[PlyCount "127"]
[EventDate "2014.06.14"]
[EventType "tourn"]
[EventRounds "9"]
[EventCountry "HUN"]
[EventCategory "10"]
[Source "lmi"]
[SourceDate "2014.06.14"]

1. d4 d5 2. c4 e6 3. Nc3 Bb4 4. cxd5 exd5 5. Qc2 Nf6 6. Bg5 c5 7. e3 O-O 8. Bd3
h6 9. Bh4 c4 10. Bh7+ Kh8 11. Bf5 Bxf5 12. Qxf5 Qd7 13. Qxd7 Nbxd7 14. f3 Rfe8
15. Kf2 Re6 16. Bxf6 Nxf6 17. Nh3 Rae8 18. Rhe1 g5 19. Re2 Kg7 20. Rae1 Kg6 21.
Kf1 Ra6 22. Nf2 Bxc3 23. bxc3 Ra3 24. Nd1 Re6 25. Rb2 b6 26. Ke2 Ne8 27. Kd2
Nd6 28. Kc1 b5 29. g4 a5 30. h4 gxh4 31. Rh1 b4 32. Rxh4 bxc3 33. Rbh2 c2 34.
Rxc2 Rf6 35. Rh3 Nb5 36. Rh5 Rxf3 37. Rxd5 Nc7 38. Rc5 Na6 39. R5xc4 Nb4 40.
Rd2 Rf1 41. d5 Nd3+ 42. Kb1 Ne5 43. Rcc2 Rd3 44. Rxd3 Nxd3 45. Rd2 Ne5 46. d6
Nd7 47. Kc2 Kf6 48. Kb3 Ke6 49. Ka4 Ne5 50. Nb2 Rg1 51. Kxa5 Rxg4 52. a4 Kd7
53. Kb5 Rg5 54. Kb6 Rg4 55. a5 Rg8 56. Kc5 Ra8 57. Kb5 Rb8+ 58. Ka4 Nc6 59. Nd3
Kd8 60. Rh2 Rb1 61. Rxh6 Ra1+ 62. Kb5 Na7+ 63. Kb6 Nc8+ 64. Kc6 1-0

[Event "32. Balaton Festival 2014 - GM"]
[Site "Balatonboglár"]
[Date "2014.06.21"]
[Round "9.2"]
[White "Varga, Zoltan"]
[Black "Gonda, Laszlo"]
[Result "1/2-1/2"]
[WhiteElo "2464"]
[BlackElo "2563"]
[PlyCount "38"]
[EventDate "2014.06.14"]
[EventType "tourn"]
[EventRounds "9"]
[EventCountry "HUN"]
[EventCategory "10"]
[Source "lmi"]
[SourceDate "2014.06.14"]

1. d4 d5 2. c4 dxc4 3. e3 e5 4. Bxc4 exd4 5. exd4 Bd6 6. Nc3 Nf6 7. Qe2+ Qe7 8.
Qxe7+ Kxe7 9. Nf3 Be6 10. Bxe6 fxe6 11. Bg5 Nbd7 12. O-O-O Kf7 13. Bxf6 gxf6
14. d5 e5 15. Nh4 Rhg8 16. g3 Rgd8 17. Kc2 Nb6 18. Nf5 Bb4 19. Ne3 Rd7 1/2-1/2

[Event "32. Balaton Festival 2014 - GM"]
[Site "Balatonboglár"]
[Date "2014.06.21"]
[Round "9.3"]
[White "Donchenko, Alexander"]
[Black "Fernandez, Daniel Howard"]
[Result "1/2-1/2"]
[WhiteElo "2492"]
[BlackElo "2377"]
[PlyCount "44"]
[EventDate "2014.06.14"]
[EventType "tourn"]
[EventRounds "9"]
[EventCountry "HUN"]
[EventCategory "10"]
[Source "lmi"]
[SourceDate "2014.06.14"]

1. d4 f5 2. g3 Nf6 3. Bg2 e6 4. c4 d5 5. Nh3 c6 6. Qc2 Be7 7. O-O O-O 8. Nf4
Na6 9. a3 Nc7 10. Nd2 Bd7 11. Nf3 Ne4 12. Ne5 Be8 13. f3 Nd6 14. Bd2 Nxc4 15.
Nxc4 dxc4 16. Qxc4 Bf7 17. Qd3 Bf6 18. e3 e5 19. dxe5 Bxe5 20. Qc2 Nd5 21. Nd3
Bc7 22. Rfe1 Re8 1/2-1/2

[Event "32. Balaton Festival 2014 - GM"]
[Site "Balatonboglár"]
[Date "2014.06.22"]
[Round "10.1"]
[White "Baumegger, Siegfried"]
[Black "Donchenko, Alexander"]
[Result "0-1"]
[WhiteElo "2479"]
[BlackElo "2492"]
[PlyCount "52"]
[EventDate "2014.06.14"]
[EventType "tourn"]
[EventRounds "9"]
[EventCountry "HUN"]
[EventCategory "10"]
[Source "lmi"]
[SourceDate "2014.06.14"]

1. g3 c5 2. Bg2 Nc6 3. e4 g6 4. d3 Bg7 5. f4 e6 6. Nf3 Nge7 7. O-O O-O 8. c3 b6
9. a4 Bb7 10. Na3 d6 11. Bd2 Qd7 12. Rb1 Rac8 13. Kh1 Rfd8 14. b4 cxb4 15. cxb4
Nd4 16. Nxd4 Bxd4 17. Nb5 Bg7 18. Nxa7 Ra8 19. Nb5 Bc6 20. f5 exf5 21. Qb3 d5
22. Bg5 dxe4 23. dxe4 h6 24. Rbd1 Qb7 25. Bxe7 Qxe7 26. exf5 Qe2 0-1

[Event "32. Balaton Festival 2014 - GM"]
[Site "Balatonboglár"]
[Date "2014.06.22"]
[Round "10.2"]
[White "Fernandez, Daniel Howard"]
[Black "Varga, Zoltan"]
[Result "1-0"]
[WhiteElo "2377"]
[BlackElo "2464"]
[PlyCount "51"]
[EventDate "2014.06.14"]
[EventType "tourn"]
[EventRounds "9"]
[EventCountry "HUN"]
[EventCategory "10"]
[Source "lmi"]
[SourceDate "2014.06.14"]

1. e4 Nf6 2. e5 Nd5 3. d4 d6 4. Nf3 Nb6 5. exd6 cxd6 6. a4 d5 7. Bf4 Bg4 8. h3
Bxf3 9. Qxf3 a6 10. a5 Nc8 11. Qb3 Nd6 12. Bxd6 Qxd6 13. Qxb7 Qc6 14. Qxc6+
Nxc6 15. c3 f6 16. b4 e5 17. b5 axb5 18. Bxb5 Kd7 19. O-O exd4 20. cxd4 Bb4 21.
Rc1 Rhc8 22. a6 Kd6 23. Ra4 Nxd4 24. Rxc8 Rxc8 25. Rxb4 Kc5 26. Rb2 1-0